Nová šance pro starší zaměstnance
Koniec rokov kultu mladých manažérov. Nárast zamestnávania starších vedúcich pracovníkov. Vekovo zmiešané pracovné tímy. Prínos starších zamestnancov k úspešnosti podniku.
Guardado en:
| Autor principal: | |
|---|---|
| Formato: | Capítulo de libro |
| Lenguaje: | checo |
| Materias: | |
| Etiquetas: |
Sin Etiquetas, Sea el primero en etiquetar este registro!
|
MARC
| LEADER | 00000naa$a2200000$$$4500 | ||
|---|---|---|---|
| 001 | 0047070 | ||
| 005 | 20231106123438.0 | ||
| 041 | 0 | |a cze | |
| 044 | |a CZ | ||
| 245 | 1 | 0 | |a Nová šance pro starší zaměstnance |c O. Klafke |
| 520 | |a Koniec rokov kultu mladých manažérov. Nárast zamestnávania starších vedúcich pracovníkov. Vekovo zmiešané pracovné tímy. Prínos starších zamestnancov k úspešnosti podniku. | ||
| 610 | 2 | 0 | |a podnik |
| 610 | 2 | 0 | |a zamestnanci |
| 610 | 2 | 0 | |a tímy pracovné |
| 610 | 2 | 0 | |a pracovníci riadiaci |
| 610 | 2 | 0 | |a skupiny vekové |
| 100 | 1 | |a Klafke, O. | |